000 01366cam a22003134a 4500
001 3102237
005 20080310091933.0
008 990308s1999 nyua b 001 0 eng
010 _a 99014737
020 _a0387988238 (alk. paper)
035 _a(DLC) 99014737
040 _aDLC
_cDLC
_dDLC
042 _apcc
050 0 0 _aQA76.758
_b.S535 1999
082 0 0 _a005.1
_221
_bSIN
100 1 _aSingpurwalla, Nozer D.
_95829
245 1 0 _aStatistical methods in software engineering :
_breliability and risk /
_cNozer D. Singpurwalla, Simon P. Wilson.
260 _aNew York :
_bSpringer,
_cc1999.
300 _axiv, 295 p. :
_bill. ;
_c24 cm.
440 0 _aSpringer series in statistics
_95830
504 _aIncludes bibliographical references (p. [269]-282) and indexes.
650 0 _aSoftware engineering
_vStatistical methods.
_95831
700 1 _aWilson, Simon P.
_95832
856 4 2 _3Publisher description
_uhttp://www.loc.gov/catdir/enhancements/fy0818/99014737-d.html
942 _2ddc
_cBB
999 _c11747
_d11747